000 00455nam a2200193Ia 4500
005 20250603144818.0
008 250603s9999 xx 000 0 und d
020 _a0- 7167- 2054- X
050 _aQB 43.2 .K376/
100 _aWilliam J. Kaufmann
245 0 _aDiscovering the universe
250 _a2nd ed.
260 _aNew York
260 _bW.H. Freeman and Company
260 _c1989
300 _a425 p
650 _aNew York
942 _cBK
999 _c40024
_d40024